000 01025nam a22002537a 4500
005 20170124103048.0
010 _aA-437946
020 _c25.00
035 _aA-437946
037 _bCen Lib/Ret
040 _aDPL
_bHN
082 _a
_bउमाशं
100 _aउमा शंकर सिंह
_92170
245 _aदुःख की राह और सुख की चाह /
_cउमा शंकर सिंह
246 _aDukh ki rah aur sukh ki chah /
_bby Uma Shankar Singh
260 _aइलाहाबाद
_bमुदिता प्रकाशन
_c1989
270 _a148, हिवेट रोड
_bइलाहाबाद
300 _a95पृ.
_c17सेमी (सजिल्द)
650 _a हिन्दी साहित्य
_969642
650 _a हिन्दी साहित्य -- कहानियाँ
_969643
650 _aHindi literature
_969644
650 _aHindi literature -Stories
_969645
942 _2ddc
_cHN
_h
_mउमाशं
999 _c117021
_d117021